| 000 | 01409cam a2200241 4500 | ||
|---|---|---|---|
| 001 | ##L134732 | ||
| 008 | 060829n2006 000 0 eng u | ||
| 035 | _a(Sirsi) u134732 | ||
| 041 | 0 | _aeng | |
| 050 | 0 | 4 | _a333.9164 $2 18 |
| 110 | 1 |
_aUnited Kingdom _bDepartment for Communities and Local Government _94939 |
|
| 245 | 0 | 0 | _aConsultation paper on draft marine minerals dredging regulations and procedural guidance |
| 260 |
_aLondon _bDCLG _c2006 |
||
| 520 | _aSeeks comments on the draft Environmental Impact Assessment and Natural Habitats (Extraction of Minerals by Marine Dredging (England and Northern Ireland) Regulations 2006. Also seeks comments on the draft procedural guidance "Marine Minerals Guidance Note 2" on the draft Regulations insofar as they apply to the extraction of marine minerals by dredging in English waters. Comments are required by 28 August 2006. | ||
| 590 | _aIKA050906 | ||
| 650 | 2 | 4 | _aMARINE MINERALS GUIDANCE NOTE 2 |
| 650 | 2 | 4 | _aENVIRONMENTAL IMPACT ASSESSMENT AND NATURAL HABITATS (EXTRACTION OF MINERALS BY MARINE DREDGING) (ENGLAND AND NORTHERN IRELAND) REGULATIONS 2006 |
| 651 | 4 |
_aEngland _y886- |
|
| 651 | 4 | _aNORTHERN IRELAND | |
| 690 | _aENVIRONMENTAL AND LAND CONSULTANCY-MINERAL RESOURCE MANAGEMENT | ||
| 856 | 4 | 0 |
_uhttps://www.communities.gov.uk/index.asp?id=1500386 _zView the consultation paper free of charge at www.communities.gov.uk... |
| 942 | _n0 | ||
| 999 |
_c105792 _d105792 |
||